Statistics for DJ Snake Charting Songs (Billboard Hot 100)

Click here to take the quiz!

General Stats

  • This quiz has been taken 28 times
    (15 since last reset)
  • The average score is 7 of 8

Answer Stats

AlbumWeeks OnPeakArtist(s)Song% Correct
Peace Is The Mission48 Weeks#4Major Lazer & DJ Snake ft. MOLean On
100%
Non-Album Single37 Weeks#4DJ Snake ft. Lil JonTurn Down For What
100%
Encore33 Weeks#4DJ Snake ft. Justin BieberLet Me Love You
100%
Carte Blanche26 Weeks#11DJ Snake ft. Selena Gomez, Cardi B & OzunaTaki Taki
100%
Encore21 Weeks#20DJ Snake ft. Bipolar SunshineMiddle
100%
Money Sucks, Friends Rule9 Weeks#61Dillon Francis & DJ SnakeGet Low
90%
Carte Blanche2 Weeks#95DJ Snake, J Balvin & TygaLoco Contigo
80%
The Amazing Spider-Man 2 Soundtrack21 Weeks#13DJ Snake & AlunaGeorgeYou Know You Like It
50%

Score Distribution

Percentile by Number Answered

Percent of People with Each Score

Your Score History

You have not taken this quiz since the last reset